| Tag |
First Indicator |
Second Indicator |
Subfields |
| LEADER |
00000cam a2200000 a 4500 |
| 001 |
in00000221981 |
| 005 |
20151009065840.0 |
| 008 |
770314s1958 gw b 001 0 ger c |
| 035 |
|
|
|a (OCoLC)ocm02801299
|
| 035 |
|
|
|9 AAY4731AM
|
| 040 |
|
|
|a ZXC
|c ZXC
|d OCLCQ
|d TXA
|d UtOrBLW
|
| 042 |
|
|
|a pcc
|
| 043 |
|
|
|a e------
|
| 049 |
|
|
|a TXAM
|
| 050 |
|
4 |
|a KJC4432
|b .M58 1958
|
| 100 |
1 |
|
|a Mitteis, Heinrich,
|d 1889-1952.
|
| 245 |
1 |
0 |
|a Lehnrecht und Staatsgewalt :
|b Untersuchungen zur mittelalterlichen Verfassungsgeschichte /
|c Heinrich Mitteis.
|
| 264 |
|
1 |
|a Weimar :
|b H. Böhlaus,
|c 1958.
|
| 300 |
|
|
|a xvi, 714 pages ;
|c 23 cm.
|
| 336 |
|
|
|a text
|b txt
|2 rdacontent
|
| 337 |
|
|
|a unmediated
|b n
|2 rdamedia
|
| 338 |
|
|
|a volume
|b nc
|2 rdacarrier
|
| 500 |
|
|
|a Reprint. Originally published: 1933.
|
| 500 |
|
|
|a Reprint of the 1st. edition, published in 1933.
|
| 504 |
|
|
|a Includes bibliographical references and index.
|
| 650 |
|
0 |
|a Feudal law
|z Europe.
|
| 650 |
|
0 |
|a Constitutional history, Medieval.
|
| 650 |
|
0 |
|a Law
|z Europe
|x History.
|
| 949 |
|
|
|a updated
|b h
|c 2006/3/3
|e jmarner
|f 4:12:39 pm
|
| 994 |
|
|
|a C0
|b TXA
|
| 999 |
|
|
|a MARS
|
| 999 |
f |
f |
|s 2def3274-b077-3b6b-b982-5f0d1e238119
|i a172bb32-d013-3f0b-ada7-60cf7905a1ee
|t 0
|
| 952 |
f |
f |
|p ric
|a Texas A&M University
|b Rellis Campus
|c Joint Library Facility
|d Remote Storage
|t 0
|e KJC4432 .M58 1958
|h Library of Congress classification
|i unmediated -- volume
|m A14801557162
|
| 998 |
f |
f |
|a KJC4432 .M58 1958
|t 0
|l Remote Storage
|